|
|
|
|
| LEADER |
01265nam a2200277 a 4500 |
| 001 |
1049629 |
| 008 |
090913s1988 bg a b f000 0 eng d |
| 010 |
|
|
|a \\\89905345
|
| 040 |
|
|
|a DLC
|c DLC
|d DLC
|
| 082 |
0 |
0 |
|a 338.1/782/095492
|2 19
|
| 245 |
0 |
0 |
|a Sericulture industry in Bangladesh :
|b analysis of production performance, constraints, and growth potentials /
|c Zaid Bakht ... [et al.].
|
| 260 |
|
|
|a Dhaka :
|b Bangladesh Unnayan Gobeshona Protishthan,
|c 1988.
|
| 300 |
|
|
|a xxi, 243 p. ;
|b ill. ;
|c 22 cm.
|
| 490 |
1 |
|
|a Research monograph ;
|v no. 10
|
| 504 |
|
|
|a Includes bibliographical references (p. 240-243)
|
| 541 |
1 |
|
|e 00005020
|
| 650 |
|
0 |
|a Sericulture
|x Economic aspects
|z Bangladesh.
|
| 650 |
|
0 |
|a Silk industry
|z Bangladesh.
|
| 700 |
1 |
|
|a Latif, Miuhammad Abdul.
|
| 700 |
1 |
|
|a Bhattacharya, Debapriya.
|
| 700 |
1 |
|
|a Paul, Pratima.
|
| 710 |
2 |
|
|a Bangladesh Institute of Development Studies.
|
| 830 |
|
0 |
|a Research monograph (Bangladesh Institute of Development Studies) ;
|v no. 10.
|
| 852 |
4 |
|
|a Ayesha Abed Library
|j General shelf
|
| 999 |
|
|
|c 4031
|d 4031
|
| 952 |
|
|
|0 0
|1 0
|2 ddc
|4 0
|6 338_178209549200000_SER_1988
|7 0
|9 3712
|a BRACUL
|b BRACUL
|c GEN
|d 2009-10-03
|g 0.00
|l 0
|o 338.1782095492 SER
|p 3010005020
|r 2009-10-03
|t 1
|w 2009-10-03
|y BK
|x No price found in the accession register.
|